|
|
|
|
| LEADER |
00897pam a22002538a 4500 |
| 001 |
00043792 |
| 005 |
20190314140349.0 |
| 008 |
110627s2007 ||||||Viesd |
| 020 |
# |
# |
|c 13000
|
| 041 |
0 |
# |
|a Vie
|
| 082 |
1 |
4 |
|a 540.7
|b R203L
|
| 110 |
1 |
# |
|a Trường Đại học Đồng Tháp. Khóa Hóa học
|
| 245 |
0 |
0 |
|b Môn hóa học - Hệ Cao Đẳng
|a Rèn luyện nghiệp vụ sư phạm thường xuyên
|
| 260 |
# |
# |
|a Đồng Tháp
|b Đồng Tháp
|c 2009
|
| 300 |
# |
# |
|c 27 cm.
|a 97 tr.
|
| 500 |
# |
# |
|a ĐTTS ghi: Trường Đại học Đồng Tháp. Khóa Hóa học
|
| 653 |
# |
# |
|a Giáo dục
|
| 653 |
# |
# |
|a Giáo viên
|
| 653 |
# |
# |
|a Nghiệp vụ sư phạm
|
| 653 |
# |
# |
|a hóa học
|
| 653 |
# |
# |
|a Đại học
|
| 852 |
# |
# |
|j KD.0025440
|
| 910 |
0 |
# |
|d 14/3/2019
|
| 980 |
# |
# |
|a Trung tâm Học liệu Lê Vũ Hùng, Trường Đại học Đồng Tháp
|